Statistiques concernant Les 10 départements les plus riches de France

Cliquez ici pour prendre le quiz!

Statistiques générales

  • Ce quiz a été pris 156 fois
  • Le résultat moyen est 6 sur 10

Statistiques - réponses

ClassementRéponseRevenu moyen en euros% Correct
1Paris47 695
94%
8Rhône30854
74%
3Yvelines40347
70%
2Hauts-de-Seine45141
65%
10Seine-et-Marne29278
62%
6Essonne30974
60%
7Val-de-Marne30973
55%
4Haute-Savoie36766
47%
9Haut-Rhin30716
41%
5Ain31232
26%

Distribution des résultats

Percentile par nombre de réponses

% des personnes avec chaque résultat

Votre développement - résultats

Vous n’avez pas pris ce quiz